[Event "DEM U18 2021"]
[Site "Willingen GER"]
[Date "2021.08.27"]
[Round "7"]
[White "Geltz, Noah"]
[Black "Popist, Florian"]
[Result "1-0"]
[Termination "normal"]
[Board "8"]
[WhiteElo "2048"]
[BlackElo "2077"]
[WhiteClock "00:27:54"]
[BlackClock "00:01:06"]
[PlyCount "67"]
[WhiteFideId "16224256"]
[BlackFideId "16203518"]
[EventCountry "GER"]
[EventRounds "9"]
[EventType "swiss"]
[EventDate "2021.08.22"]

1. e4 {[%clk 1:30:56]} c5 {[%clk 1:30:55]} 2. Nf3 {[%clk 1:31:22]} Nc6 {[%clk
1:31:20]} 3. d3 {[%clk 1:31:46]} g6 {[%clk 1:30:13]} 4. g3 {[%clk 1:32:10]} Bg7
{[%clk 1:30:30]} 5. Bg2 {[%clk 1:32:29]} e5 {[%clk 1:29:44]} 6. O-O {[%clk
1:32:28]} Nge7 {[%clk 1:30:03]} 7. c3 {[%clk 1:31:22]} O-O {[%clk 1:26:11]} 8.
a3 {[%clk 1:31:31]} d5 {[%clk 1:19:52]} 9. b4 {[%clk 1:30:02]} b6 {[%clk
1:09:44]} 10. Nbd2 {[%clk 1:16:30]} Ba6 {[%clk 1:01:03]} 11. c4 {[%clk
1:15:00]} dxc4 {[%clk 0:56:31]} 12. dxc4 Nd4 {[%clk 0:54:47]} 13. Bb2 {[%clk
1:12:05]} Qd7 {[%clk 0:50:38]} 14. Bxd4 {[%clk 1:09:44]} cxd4 {[%clk 0:50:33]}
15. Ne1 {[%clk 1:09:39]} Rac8 {[%clk 0:36:28]} 16. b5 {[%clk 1:05:40]} Bb7
{[%clk 0:36:49]} 17. Nd3 {[%clk 1:03:49]} f5 {[%clk 0:34:15]} 18. Re1 {[%clk
0:58:10]} g5 {[%clk 0:25:20]} 19. Rc1 {[%clk 0:48:51]} f4 {[%clk 0:23:08]} 20.
Qh5 {[%clk 0:48:04]} g4 {[%clk 0:19:45]} 21. a4 {[%clk 0:41:56]} a6 {[%clk
0:13:47]} 22. Bf1 {[%clk 0:40:42]} axb5 {[%clk 0:12:37]} 23. axb5 {[%clk
0:40:55]} Ba8 {[%clk 0:09:05]} 24. Be2 {[%clk 0:29:28]} f3 {[%clk 0:06:01]} 25.
Bf1 {[%clk 0:28:10]} Qd6 {[%clk 0:04:17]} 26. Qxg4 {[%clk 0:27:29]} Rf6 {[%clk
0:03:05]} 27. c5 {[%clk 0:26:25]} bxc5 {[%clk 0:02:35]} 28. Nc4 {[%clk
0:26:48]} Qe6 {[%clk 0:00:42]} 29. Qxe6+ {[%clk 0:27:13]} Rxe6 {[%clk 0:01:08]}
30. Bh3 {[%clk 0:27:38]} Kf7 {[%clk 0:01:35]} 31. Bxe6+ {[%clk 0:27:41]} Kxe6
{[%clk 0:02:02]} 32. Nb6 {[%clk 0:27:57]} Bh6 {[%clk 0:00:43]} 33. Nxc8 {[%clk
0:27:50]} Bxc1 {[%clk 0:01:06]} 34. Nxc5+ {[%clk 0:27:54]} 1-0

[Event "DEM U18 2021"]
[Site "Willingen GER"]
[Date "2021.08.27"]
[Round "7"]
[White "Stork, Oliver"]
[Black "Hofmann, Lorenz"]
[Result "1-0"]
[Termination "normal"]
[Board "9"]
[WhiteTitle "FM"]
[WhiteElo "2365"]
[BlackElo "2071"]
[WhiteClock "00:21:50"]
[BlackClock "00:01:05"]
[PlyCount "59"]
[WhiteFideId "12955728"]
[BlackFideId "12995509"]
[EventCountry "GER"]
[EventRounds "9"]
[EventType "swiss"]
[EventDate "2021.08.22"]

1. d4 {[%clk 1:30:58]} d5 {[%clk 1:30:57]} 2. Bf4 {[%clk 1:31:23]} c5 {[%clk
1:31:24]} 3. e3 {[%clk 1:31:48]} cxd4 {[%clk 1:31:51]} 4. exd4 {[%clk 1:32:10]}
Nc6 {[%clk 1:32:17]} 5. c3 {[%clk 1:32:24]} Bf5 {[%clk 1:32:33]} 6. Qb3 {[%clk
1:31:49]} Qd7 {[%clk 1:32:59]} 7. Nf3 {[%clk 1:31:49]} f6 {[%clk 1:33:26]} 8.
Nbd2 {[%clk 1:28:07]} g5 {[%clk 1:33:36]} 9. Be3 {[%clk 1:27:55]} e6 {[%clk
1:33:32]} 10. a4 {[%clk 0:58:22]} a6 {[%clk 1:13:55]} 11. Be2 {[%clk 0:58:24]}
h5 {[%clk 1:09:07]} 12. c4 {[%clk 0:52:20]} Nb4 {[%clk 0:59:38]} 13. Rc1 {[%clk
0:47:36]} Bg6 {[%clk 0:36:45]} 14. O-O {[%clk 0:45:32]} h4 {[%clk 0:35:22]} 15.
Ne1 {[%clk 0:40:39]} Nh6 {[%clk 0:29:24]} 16. Nd3 {[%clk 0:37:44]} Nxd3 {[%clk
0:27:32]} 17. Bxd3 {[%clk 0:38:07]} Bxd3 {[%clk 0:24:15]} 18. Qxd3 {[%clk
0:38:22]} Kf7 {[%clk 0:23:59]} 19. cxd5 {[%clk 0:32:36]} exd5 {[%clk 0:24:15]}
20. Nb3 {[%clk 0:31:05]} Qd6 {[%clk 0:18:31]} 21. f4 {[%clk 0:23:31]} Ng4
{[%clk 0:17:22]} 22. Bd2 {[%clk 0:23:19]} Nxh2 {[%clk 0:04:34]} 23. Kxh2 {[%clk
0:23:24]} g4 {[%clk 0:04:06]} 24. Qf5 {[%clk 0:21:12]} g3+ {[%clk 0:04:09]} 25.
Kh3 {[%clk 0:20:55]} b6 {[%clk 0:03:35]} 26. a5 {[%clk 0:21:13]} Be7 {[%clk
0:02:27]} 27. Rfe1 {[%clk 0:21:07]} Rh6 {[%clk 0:01:37]} 28. axb6 {[%clk
0:21:23]} Rah8 {[%clk 0:01:35]} 29. Rc7 {[%clk 0:21:44]} Re8 {[%clk 0:01:05]}
30. Ba5 {[%clk 0:21:50]} 1-0

[Event "DEM U18 2021"]
[Site "Willingen GER"]
[Date "2021.08.27"]
[Round "7"]
[White "Schmitt, Daniel"]
[Black "Lieberwirth, Kasimir"]
[Result "1-0"]
[Termination "normal"]
[Board "10"]
[WhiteElo "1966"]
[BlackElo "2074"]
[WhiteClock "00:09:54"]
[BlackClock "00:00:34"]
[PlyCount "119"]
[WhiteFideId "16279018"]
[BlackFideId "12988146"]
[EventCountry "GER"]
[EventRounds "9"]
[EventType "swiss"]
[EventDate "2021.08.22"]

1. e4 {[%clk 1:30:57]} c5 {[%clk 1:30:57]} 2. Nf3 {[%clk 1:31:19]} d6 {[%clk
1:31:25]} 3. d4 {[%clk 1:31:43]} cxd4 {[%clk 1:31:53]} 4. Nxd4 {[%clk 1:32:06]}
Nf6 {[%clk 1:32:21]} 5. Nc3 {[%clk 1:32:28]} a6 {[%clk 1:32:41]} 6. f4 {[%clk
1:32:52]} e5 {[%clk 1:31:21]} 7. Nb3 {[%clk 1:33:16]} Qc7 {[%clk 1:25:59]} 8.
f5 {[%clk 1:32:52]} b5 {[%clk 1:24:39]} 9. g4 {[%clk 1:28:15]} Bb7 {[%clk
1:17:13]} 10. Bg2 {[%clk 1:27:57]} b4 {[%clk 1:12:52]} 11. Nd5 {[%clk 1:27:13]}
Nxd5 {[%clk 1:12:11]} 12. exd5 {[%clk 1:27:37]} Nd7 {[%clk 1:05:31]} 13. O-O
{[%clk 1:22:03]} Be7 {[%clk 0:58:32]} 14. a3 {[%clk 1:09:11]} Nc5 {[%clk
0:49:02]} 15. Be3 {[%clk 1:03:47]} Nxb3 {[%clk 0:47:07]} 16. cxb3 {[%clk
1:04:10]} bxa3 {[%clk 0:36:31]} 17. bxa3 {[%clk 1:02:38]} h6 {[%clk 0:29:00]}
18. Qd2 {[%clk 0:59:37]} Bg5 {[%clk 0:27:22]} 19. Bxg5 {[%clk 0:45:32]} hxg5
{[%clk 0:27:52]} 20. Qe3 {[%clk 0:21:55]} Qc5 {[%clk 0:27:12]} 21. Qxc5 {[%clk
0:20:58]} dxc5 {[%clk 0:27:41]} 22. Rac1 {[%clk 0:20:33]} Rc8 {[%clk 0:23:09]}
23. f6 {[%clk 0:19:39]} g6 {[%clk 0:20:09]} 24. Rce1 {[%clk 0:16:27]} Kd7
{[%clk 0:19:45]} 25. Rxe5 {[%clk 0:16:52]} Rc7 {[%clk 0:12:22]} 26. Rfe1 {[%clk
0:07:19]} Kd6 {[%clk 0:12:17]} 27. Rxg5 {[%clk 0:01:42]} c4 {[%clk 0:10:37]}
28. bxc4 {[%clk 0:01:05]} Rxc4 {[%clk 0:11:06]} 29. Rb1 {[%clk 0:01:12]} Rc7
{[%clk 0:07:02]} 30. h3 {[%clk 0:01:03]} Re8 {[%clk 0:04:40]} 31. Rb6+ {[%clk
0:01:07]} Kc5 {[%clk 0:01:04]} 32. Rb1 {[%clk 0:01:21]} Kd6 {[%clk 0:01:15]}
33. Rb6+ {[%clk 0:01:26]} Kc5 {[%clk 0:01:44]} 34. d6+ {[%clk 0:01:00]} Kxb6
{[%clk 0:02:12]} 35. dxc7 {[%clk 0:01:23]} Kxc7 {[%clk 0:02:00]} 36. Bxb7
{[%clk 0:01:29]} Kxb7 {[%clk 0:02:28]} 37. Ra5 {[%clk 0:01:00]} Re3 {[%clk
0:02:09]} 38. Kg2 {[%clk 0:01:08]} Kb6 {[%clk 0:01:59]} 39. Ra4 {[%clk
0:01:36]} g5 {[%clk 0:00:33]} 40. Rd4 {[%clk 0:00:48]} Kc6 {[%clk 0:00:35]} 41.
a4 {[%clk 0:25:25]} Re6 {[%clk 0:27:26]} 42. h4 {[%clk 0:22:09]} Kc5 {[%clk
0:11:52]} 43. Rd7 {[%clk 0:21:26]} Rxf6 {[%clk 0:11:01]} 44. hxg5 {[%clk
0:20:49]} Rf4 {[%clk 0:09:03]} 45. Kg3 {[%clk 0:20:37]} Rf1 {[%clk 0:05:47]}
46. a5 {[%clk 0:19:56]} Kc6 {[%clk 0:05:12]} 47. Re7 {[%clk 0:19:43]} Kd6
{[%clk 0:03:07]} 48. Ra7 {[%clk 0:19:28]} Ke5 {[%clk 0:03:36]} 49. Rxa6 {[%clk
0:18:39]} Rg1+ {[%clk 0:01:48]} 50. Kh3 {[%clk 0:14:15]} Rh1+ {[%clk 0:00:54]}
51. Kg2 {[%clk 0:14:15]} Ra1 {[%clk 0:01:07]} 52. Rf6 {[%clk 0:14:21]} Ke4
{[%clk 0:01:19]} 53. Rf5 {[%clk 0:14:26]} Ra3 {[%clk 0:01:18]} 54. Kf2 {[%clk
0:13:47]} Ra2+ {[%clk 0:00:55]} 55. Kg3 {[%clk 0:13:47]} Ra1 {[%clk 0:01:23]}
56. Rxf7 {[%clk 0:10:24]} Rxa5 {[%clk 0:01:35]} 57. Kh4 {[%clk 0:10:48]} Ra6
{[%clk 0:00:37]} 58. Rf5 {[%clk 0:09:28]} Ra1 {[%clk 0:00:37]} 59. g6 {[%clk
0:09:42]} Ra6 {[%clk 0:00:34]} 60. Kg5 {[%clk 0:09:54]} 1-0

[Event "DEM U18 2021"]
[Site "Willingen GER"]
[Date "2021.08.27"]
[Round "7"]
[White "Mooser, Nicolas"]
[Black "Biermann, Lenhard"]
[Result "1/2-1/2"]
[Termination "normal"]
[Board "12"]
[WhiteElo "2107"]
[BlackElo "2160"]
[WhiteClock "00:04:21"]
[BlackClock "00:01:44"]
[PlyCount "176"]
[WhiteFideId "12979406"]
[BlackFideId "12970077"]
[EventCountry "GER"]
[EventRounds "9"]
[EventType "swiss"]
[EventDate "2021.08.22"]

1. d4 {[%clk 1:30:56]} e6 {[%clk 1:30:59]} 2. c4 {[%clk 1:31:17]} f5 {[%clk
1:31:26]} 3. g3 {[%clk 1:31:18]} Nf6 {[%clk 1:31:52]} 4. Bg2 {[%clk 1:31:33]}
g6 {[%clk 1:31:50]} 5. Nf3 {[%clk 1:31:49]} Bg7 {[%clk 1:32:18]} 6. O-O {[%clk
1:32:08]} O-O {[%clk 1:32:42]} 7. Nc3 {[%clk 1:26:34]} d6 {[%clk 1:30:14]} 8.
b3 {[%clk 1:17:35]} Nc6 {[%clk 1:29:05]} 9. Bb2 {[%clk 1:17:06]} Qe7 {[%clk
1:28:35]} 10. Re1 {[%clk 0:57:30]} Ne4 {[%clk 1:23:06]} 11. Rc1 {[%clk
0:50:26]} Nxc3 {[%clk 1:18:11]} 12. Bxc3 {[%clk 0:50:42]} e5 {[%clk 1:17:07]}
13. e3 {[%clk 0:44:15]} a5 {[%clk 1:06:25]} 14. a3 {[%clk 0:41:41]} e4 {[%clk
0:57:34]} 15. Nd2 {[%clk 0:41:25]} Bd7 {[%clk 0:50:36]} 16. b4 {[%clk 0:38:58]}
axb4 {[%clk 0:50:40]} 17. axb4 {[%clk 0:39:14]} Kh8 {[%clk 0:47:33]} 18. b5
{[%clk 0:35:25]} Nd8 {[%clk 0:47:43]} 19. Qb3 {[%clk 0:33:47]} Nf7 {[%clk
0:35:37]} 20. Bb4 {[%clk 0:30:55]} c5 {[%clk 0:33:40]} 21. bxc6 {[%clk
0:27:47]} bxc6 {[%clk 0:32:50]} 22. c5 {[%clk 0:27:31]} d5 {[%clk 0:32:40]} 23.
Ra1 {[%clk 0:27:42]} g5 {[%clk 0:32:02]} 24. Rxa8 {[%clk 0:24:42]} Rxa8 {[%clk
0:32:27]} 25. Bc3 {[%clk 0:23:19]} f4 {[%clk 0:19:51]} 26. Qb7 {[%clk 0:21:10]}
Re8 {[%clk 0:19:45]} 27. Ra1 {[%clk 0:17:14]} Nd8 {[%clk 0:14:12]} 28. Qc7
{[%clk 0:15:44]} Ne6 {[%clk 0:12:19]} 29. Qb7 {[%clk 0:13:37]} Nd8 {[%clk
0:12:12]} 30. Qc7 {[%clk 0:13:42]} Ne6 {[%clk 0:11:48]} 31. Qb7 {[%clk
0:14:06]} Nxc5 {[%clk 0:06:38]} 32. dxc5 {[%clk 0:10:12]} Bxc3 {[%clk 0:06:55]}
33. Ra7 {[%clk 0:09:52]} Bxd2 {[%clk 0:06:04]} 34. Qb2+ {[%clk 0:09:58]} Qe5
{[%clk 0:05:02]} 35. Qxd2 {[%clk 0:08:53]} fxe3 {[%clk 0:04:02]} 36. fxe3
{[%clk 0:07:50]} Re7 {[%clk 0:03:39]} 37. Qa5 {[%clk 0:05:03]} Be8 {[%clk
0:03:17]} 38. Rxe7 {[%clk 0:04:02]} Qxe7 {[%clk 0:03:45]} 39. Bh3 {[%clk
0:04:06]} Kg7 {[%clk 0:01:45]} 40. Bf5 {[%clk 0:01:55]} Bg6 {[%clk 0:00:51]}
41. Bxg6 {[%clk 0:22:01]} Kxg6 {[%clk 0:31:03]} 42. Qb6 {[%clk 0:21:05]} Qe6
{[%clk 0:23:09]} 43. Qd8 {[%clk 0:17:23]} Kf5 {[%clk 0:13:20]} 44. Qf8+ {[%clk
0:10:45]} Kg6 {[%clk 0:12:47]} 45. Qd8 {[%clk 0:10:45]} h5 {[%clk 0:05:07]} 46.
h3 {[%clk 0:06:23]} Qf6 {[%clk 0:02:58]} 47. Qa8 {[%clk 0:05:42]} Kh6 {[%clk
0:03:02]} 48. Qa6 {[%clk 0:05:31]} Kg7 {[%clk 0:01:35]} 49. Qa7+ {[%clk
0:05:31]} Kg6 {[%clk 0:01:52]} 50. Qa8 {[%clk 0:05:42]} Kh6 {[%clk 0:02:20]}
51. Qa6 {[%clk 0:06:03]} d4 {[%clk 0:01:56]} 52. Qa1 {[%clk 0:05:15]} Qf3
{[%clk 0:01:50]} 53. Qxd4 {[%clk 0:05:28]} Qxg3+ {[%clk 0:02:17]} 54. Kf1
{[%clk 0:05:44]} Qxh3+ {[%clk 0:02:42]} 55. Ke1 {[%clk 0:06:07]} Qe6 {[%clk
0:00:49]} 56. Qd6 {[%clk 0:06:26]} Qg6 {[%clk 0:01:08]} 57. Qf8+ {[%clk
0:06:45]} Qg7 {[%clk 0:01:31]} 58. Qd6+ {[%clk 0:07:05]} Qg6 {[%clk 0:01:51]}
59. Qf8+ {[%clk 0:07:29]} Kh7 {[%clk 0:02:18]} 60. Qe7+ {[%clk 0:07:46]} Kg8
{[%clk 0:02:38]} 61. Qd8+ {[%clk 0:07:38]} Kg7 {[%clk 0:02:06]} 62. Qe7+ {[%clk
0:07:58]} Kg8 {[%clk 0:01:20]} 63. Qd8+ {[%clk 0:08:14]} Kg7 {[%clk 0:01:39]}
64. Qe7+ {[%clk 0:08:12]} Qf7 {[%clk 0:01:28]} 65. Qxg5+ {[%clk 0:06:34]} Kh7
{[%clk 0:01:46]} 66. Qe5 {[%clk 0:05:35]} Qg6 {[%clk 0:01:02]} 67. Qe7+ {[%clk
0:05:03]} Kg8 {[%clk 0:01:21]} 68. Qd8+ {[%clk 0:05:18]} Kg7 {[%clk 0:01:50]}
69. Qe7+ {[%clk 0:05:35]} Kh6 {[%clk 0:02:15]} 70. Qf8+ {[%clk 0:05:49]} Qg7
{[%clk 0:01:34]} 71. Qf4+ {[%clk 0:05:54]} Qg5 {[%clk 0:01:57]} 72. Qf8+ {[%clk
0:06:01]} Kh7 {[%clk 0:01:48]} 73. Qf7+ {[%clk 0:06:19]} Kh6 {[%clk 0:02:07]}
74. Qf8+ {[%clk 0:06:40]} Kg6 {[%clk 0:01:16]} 75. Qg8+ {[%clk 0:06:38]} Kf5
{[%clk 0:01:06]} 76. Qc8+ {[%clk 0:05:42]} Ke5 {[%clk 0:01:21]} 77. Qh8+ {[%clk
0:04:42]} Ke6 {[%clk 0:01:07]} 78. Kd2 {[%clk 0:02:14]} Qd5+ {[%clk 0:01:03]}
79. Ke2 {[%clk 0:02:30]} Qd3+ {[%clk 0:00:53]} 80. Kf2 {[%clk 0:02:45]} Qd2+
{[%clk 0:01:17]} 81. Kf1 {[%clk 0:03:03]} Qc1+ {[%clk 0:01:08]} 82. Kf2 {[%clk
0:03:07]} Qxc5 {[%clk 0:01:31]} 83. Qe8+ {[%clk 0:03:19]} Kf6 {[%clk 0:01:34]}
84. Qh8+ {[%clk 0:03:28]} Ke6 {[%clk 0:01:45]} 85. Qe8+ {[%clk 0:03:50]} Kd5
{[%clk 0:01:36]} 86. Qg8+ {[%clk 0:03:52]} Ke5 {[%clk 0:01:10]} 87. Qg5+ {[%clk
0:04:01]} Kd6 {[%clk 0:01:32]} 88. Qd8+ {[%clk 0:04:21]} Ke6 {[%clk 0:01:44]}
1/2-1/2

[Event "DEM U18 2021"]
[Site "Willingen GER"]
[Date "2021.08.27"]
[Round "7"]
[White "Mankel, Luca"]
[Black "Khachatryan, Taron"]
[Result "1-0"]
[Termination "normal"]
[Board "13"]
[WhiteElo "1916"]
[BlackElo "2065"]
[WhiteClock "00:26:38"]
[BlackClock "00:05:44"]
[PlyCount "189"]
[WhiteFideId "16253876"]
[BlackFideId "16216598"]
[EventCountry "GER"]
[EventRounds "9"]
[EventType "swiss"]
[EventDate "2021.08.22"]

1. d4 {[%clk 1:30:58]} Nf6 {[%clk 1:30:16]} 2. c4 {[%clk 1:31:22]} e6 {[%clk
1:29:41]} 3. Nc3 {[%clk 1:31:48]} Bb4 {[%clk 1:28:12]} 4. Qc2 {[%clk 1:32:05]}
d5 {[%clk 1:28:28]} 5. a3 {[%clk 1:30:41]} Bxc3+ {[%clk 1:27:37]} 6. Qxc3
{[%clk 1:31:08]} dxc4 {[%clk 1:27:00]} 7. e3 {[%clk 1:28:40]} a6 {[%clk
1:26:41]} 8. Bxc4 {[%clk 1:28:24]} Nbd7 {[%clk 1:26:13]} 9. b4 {[%clk 1:22:51]}
Nb6 {[%clk 1:26:27]} 10. Bd3 {[%clk 1:21:42]} Bd7 {[%clk 1:26:29]} 11. Nf3
{[%clk 1:16:58]} O-O {[%clk 1:22:46]} 12. Ne5 {[%clk 1:07:40]} Bb5 {[%clk
1:22:15]} 13. O-O {[%clk 1:06:17]} Nfd7 {[%clk 1:21:54]} 14. Nf3 {[%clk
1:02:30]} f6 {[%clk 1:07:27]} 15. Rd1 {[%clk 1:00:05]} Bxd3 {[%clk 1:07:28]}
16. Qxd3 {[%clk 0:59:50]} Qe8 {[%clk 1:05:37]} 17. Bb2 {[%clk 0:56:21]} Qg6
{[%clk 1:03:21]} 18. Qxg6 {[%clk 0:53:33]} hxg6 {[%clk 1:02:41]} 19. Rac1
{[%clk 0:53:38]} c6 {[%clk 1:01:59]} 20. e4 {[%clk 0:52:22]} a5 {[%clk
1:00:14]} 21. bxa5 {[%clk 0:52:20]} Rxa5 {[%clk 1:00:34]} 22. Bc3 {[%clk
0:52:48]} Ra6 {[%clk 0:59:27]} 23. Bb4 {[%clk 0:52:49]} Rfa8 {[%clk 0:56:56]}
24. Ne1 {[%clk 0:49:50]} e5 {[%clk 0:45:06]} 25. dxe5 {[%clk 0:42:56]} Nxe5
{[%clk 0:45:08]} 26. Rd4 {[%clk 0:43:01]} g5 {[%clk 0:42:47]} 27. Nd3 {[%clk
0:42:56]} Nbd7 {[%clk 0:41:45]} 28. Bd6 {[%clk 0:36:02]} Nf7 {[%clk 0:38:49]}
29. Bc7 {[%clk 0:32:35]} Nf8 {[%clk 0:29:15]} 30. Nc5 {[%clk 0:20:57]} Rxa3
{[%clk 0:28:57]} 31. f3 {[%clk 0:21:21]} b5 {[%clk 0:26:48]} 32. Rdd1 {[%clk
0:21:09]} Ra2 {[%clk 0:25:02]} 33. Nd3 {[%clk 0:19:01]} Re2 {[%clk 0:15:22]}
34. Nb4 {[%clk 0:18:19]} Ra4 {[%clk 0:14:20]} 35. Kf1 {[%clk 0:18:42]} Rb2
{[%clk 0:12:47]} 36. Nd3 {[%clk 0:19:09]} Rba2 {[%clk 0:12:59]} 37. Rxc6 {[%clk
0:17:52]} g4 {[%clk 0:10:16]} 38. Rb1 {[%clk 0:16:11]} gxf3 {[%clk 0:10:27]}
39. gxf3 {[%clk 0:16:40]} Ng5 {[%clk 0:10:33]} 40. Ne1 {[%clk 0:15:24]} Ra1
{[%clk 0:08:15]} 41. Rcc1 {[%clk 0:15:16]} Rxb1 {[%clk 0:03:56]} 42. Rxb1 Nfe6
43. Bb6 {[%clk 0:13:36]} Ra2 {[%clk 0:01:19]} 44. h4 {[%clk 0:11:19]} Nh3
{[%clk 0:29:40]} 45. Ng2 {[%clk 0:32:32]} Nf8 {[%clk 0:21:39]} 46. Be3 {[%clk
0:28:11]} Ng6 {[%clk 0:19:04]} 47. f4 {[%clk 0:28:07]} Nf8 {[%clk 0:00:35]} 48.
Rxb5 {[%clk 0:22:50]} Ra1+ {[%clk 0:00:58]} 49. Ke2 {[%clk 0:22:38]} Ng1+
{[%clk 0:01:16]} 50. Kf2 {[%clk 0:23:01]} Nh3+ {[%clk 0:01:31]} 51. Kg3 {[%clk
0:23:25]} Ng1 {[%clk 0:01:57]} 52. Rb2 {[%clk 0:23:51]} Rf1 {[%clk 0:01:04]}
53. Rf2 {[%clk 0:23:54]} Rxf2 {[%clk 0:00:50]} 54. Kxf2 {[%clk 0:24:15]} Nh3+
{[%clk 0:01:17]} 55. Kg3 {[%clk 0:24:40]} Nxf4 {[%clk 0:01:44]} 56. Nxf4 {[%clk
0:24:55]} Kf7 {[%clk 0:01:52]} 57. Kg4 {[%clk 0:24:52]} Nd7 {[%clk 0:00:32]}
58. Bd4 {[%clk 0:24:44]} Nb8 {[%clk 0:00:48]} 59. h5 {[%clk 0:24:10]} Nc6
{[%clk 0:01:11]} 60. Bc3 {[%clk 0:24:30]} Ne7 {[%clk 0:00:45]} 61. Nd5 {[%clk
0:24:06]} Nc8 {[%clk 0:00:35]} 62. Bb4 {[%clk 0:23:25]} Na7 {[%clk 0:00:58]}
63. Kf5 {[%clk 0:23:43]} Nc6 {[%clk 0:00:55]} 64. Bc3 {[%clk 0:24:09]} Na7
{[%clk 0:00:32]} 65. h6 {[%clk 0:22:36]} gxh6 {[%clk 0:00:45]} 66. Bxf6 {[%clk
0:22:43]} Nc6 {[%clk 0:01:09]} 67. Ne3 {[%clk 0:21:54]} h5 {[%clk 0:01:19]} 68.
Nc4 {[%clk 0:21:54]} Nb4 {[%clk 0:00:32]} 69. Nd6+ {[%clk 0:21:56]} Kf8 {[%clk
0:00:56]} 70. Kg6 {[%clk 0:22:11]} Na6 71. Kxh5 {[%clk 0:22:17]} Nc5 {[%clk
0:01:04]} 72. Kg6 {[%clk 0:22:40]} Nxe4 {[%clk 0:01:07]} 73. Nxe4 {[%clk
0:23:04]} Ke8 {[%clk 0:01:27]} 74. Nc5 {[%clk 0:22:41]} Kf8 {[%clk 0:01:51]}
75. Nd3 {[%clk 0:22:53]} Ke8 {[%clk 0:01:25]} 76. Ne5 {[%clk 0:23:15]} Kf8
{[%clk 0:01:51]} 77. Kf5 {[%clk 0:23:35]} Ke8 {[%clk 0:01:47]} 78. Bg5 {[%clk
0:21:21]} Kf8 {[%clk 0:02:08]} 79. Kf6 {[%clk 0:21:36]} Ke8 {[%clk 0:02:06]}
80. Ke6 {[%clk 0:21:55]} Kf8 {[%clk 0:02:27]} 81. Bh6+ {[%clk 0:22:02]} Ke8
{[%clk 0:02:33]} 82. Bg5 {[%clk 0:21:10]} Kf8 {[%clk 0:03:01]} 83. Nc6 {[%clk
0:21:32]} Kg7 {[%clk 0:03:11]} 84. Ne7 {[%clk 0:21:59]} Kf8 {[%clk 0:03:03]}
85. Bh6+ {[%clk 0:22:15]} Ke8 {[%clk 0:03:31]} 86. Bg7 {[%clk 0:22:40]} Kd8
{[%clk 0:04:00]} 87. Be5 {[%clk 0:22:59]} Ke8 {[%clk 0:04:27]} 88. Bc7 {[%clk
0:23:25]} Kf8 {[%clk 0:04:54]} 89. Nf5 {[%clk 0:23:54]} Ke8 {[%clk 0:04:17]}
90. Ng7+ {[%clk 0:24:21]} Kf8 {[%clk 0:04:46]} 91. Kf6 {[%clk 0:24:47]} Kg8
{[%clk 0:05:12]} 92. Kg6 {[%clk 0:25:16]} Kf8 {[%clk 0:05:12]} 93. Bd6+ {[%clk
0:25:43]} Kg8 {[%clk 0:05:38]} 94. Nf5 {[%clk 0:26:10]} Kh8 {[%clk 0:05:44]}
95. Be7 {[%clk 0:26:38]} 1-0

[Event "DEM U18 2021"]
[Site "Willingen GER"]
[Date "2021.08.27"]
[Round "7"]
[White "Wander, Dennis"]
[Black "Unbehend, Marius"]
[Result "1/2-1/2"]
[Termination "normal"]
[Board "14"]
[WhiteElo "1610"]
[BlackElo "1572"]
[WhiteClock "01:35:56"]
[BlackClock "01:18:00"]
[PlyCount "43"]
[WhiteFideId "16276523"]
[BlackFideId "16214420"]
[EventCountry "GER"]
[EventRounds "9"]
[EventType "swiss"]
[EventDate "2021.08.22"]

1. e4 {[%clk 1:30:57]} e6 {[%clk 1:30:58]} 2. d4 {[%clk 1:31:22]} d5 {[%clk
1:31:25]} 3. Nd2 {[%clk 1:31:46]} Nf6 {[%clk 1:31:48]} 4. e5 {[%clk 1:32:10]}
Nfd7 {[%clk 1:32:16]} 5. Bd3 {[%clk 1:32:14]} c5 {[%clk 1:32:43]} 6. c3 {[%clk
1:32:31]} Nc6 {[%clk 1:33:10]} 7. Ne2 {[%clk 1:32:52]} cxd4 {[%clk 1:33:37]} 8.
cxd4 {[%clk 1:33:12]} f6 {[%clk 1:34:05]} 9. Nf4 {[%clk 1:33:20]} Nxd4 {[%clk
1:34:29]} 10. Qh5+ {[%clk 1:33:38]} Ke7 {[%clk 1:34:44]} 11. exf6+ {[%clk
1:34:00]} Nxf6 {[%clk 1:35:08]} 12. Ng6+ {[%clk 1:34:21]} hxg6 {[%clk 1:35:31]}
13. Qxh8 {[%clk 1:34:40]} Kf7 {[%clk 1:35:59]} 14. O-O {[%clk 1:34:32]} e5
{[%clk 1:36:02]} 15. Nb3 {[%clk 1:34:52]} Nxb3 {[%clk 1:36:09]} 16. axb3 {[%clk
1:35:16]} Bf5 {[%clk 1:36:26]} 17. Bxf5 {[%clk 1:35:36]} gxf5 {[%clk 1:36:52]}
18. Bg5 {[%clk 1:35:40]} Bc5 {[%clk 1:24:20]} 19. Qh3 {[%clk 1:35:30]} Qd7
{[%clk 1:19:18]} 20. Bxf6 {[%clk 1:35:17]} Kxf6 {[%clk 1:19:19]} 21. b4 {[%clk
1:35:38]} Bb6 {[%clk 1:18:00]} 22. Qh4+ {[%clk 1:35:56]} 1/2-1/2

[Event "DEM U18 2021"]
[Site "Willingen GER"]
[Date "2021.08.28"]
[Round "8"]
[White "Wachinger, Nikolas"]
[Black "Suvorov, Alexander"]
[Result "1/2-1/2"]
[Termination "normal"]
[Board "1"]
[BlackTitle "FM"]
[WhiteElo "2361"]
[BlackElo "2333"]
[WhiteClock "00:07:40"]
[BlackClock "00:06:38"]
[PlyCount "70"]
[WhiteFideId "12962791"]
[BlackFideId "12977063"]
[EventCountry "GER"]
[EventRounds "9"]
[EventType "swiss"]
[EventDate "2021.08.22"]

1. e4 {[%clk 1:30:55]} c5 {[%clk 1:30:51]} 2. Nc3 {[%clk 1:31:17]} e6 {[%clk
1:30:58]} 3. d4 {[%clk 1:31:34]} cxd4 {[%clk 1:30:28]} 4. Qxd4 {[%clk 1:31:56]}
Nc6 {[%clk 1:30:12]} 5. Qe3 {[%clk 1:32:17]} Nf6 {[%clk 1:25:39]} 6. Nf3 {[%clk
1:32:36]} Bb4 {[%clk 1:22:16]} 7. a3 {[%clk 1:32:51]} Bxc3+ {[%clk 1:16:15]} 8.
Qxc3 {[%clk 1:33:11]} d6 {[%clk 1:15:54]} 9. Bg5 {[%clk 1:14:25]} h6 {[%clk
1:11:42]} 10. Bh4 {[%clk 1:10:46]} g5 {[%clk 1:04:42]} 11. Bg3 {[%clk 1:05:29]}
e5 {[%clk 1:03:06]} 12. Qd3 {[%clk 0:54:23]} Be6 {[%clk 0:56:03]} 13. O-O-O
{[%clk 0:51:48]} Qb6 {[%clk 0:51:48]} 14. Nd2 {[%clk 0:36:09]} Rc8 {[%clk
0:44:29]} 15. Nc4 {[%clk 0:24:55]} Bxc4 {[%clk 0:42:49]} 16. Qxc4 {[%clk
0:24:43]} Ke7 {[%clk 0:41:42]} 17. Bd3 {[%clk 0:20:33]} Nd4 {[%clk 0:36:04]}
18. Qb4 {[%clk 0:20:32]} Qxb4 {[%clk 0:25:24]} 19. axb4 {[%clk 0:20:59]} Nc6
{[%clk 0:23:44]} 20. b5 {[%clk 0:19:47]} Nb4 {[%clk 0:23:32]} 21. f3 {[%clk
0:17:13]} Rc5 {[%clk 0:21:23]} 22. Bf2 {[%clk 0:17:19]} Nxd3+ {[%clk 0:21:33]}
23. Rxd3 {[%clk 0:17:47]} Rxb5 {[%clk 0:21:56]} 24. Rhd1 {[%clk 0:18:05]} Ra5
{[%clk 0:20:23]} 25. Kb1 {[%clk 0:15:06]} Ra6 {[%clk 0:18:24]} 26. Rb3 {[%clk
0:13:20]} Rb8 {[%clk 0:17:58]} 27. c4 {[%clk 0:13:38]} Nd7 {[%clk 0:14:53]} 28.
Rb5 {[%clk 0:13:40]} Ke6 {[%clk 0:13:17]} 29. b3 {[%clk 0:09:15]} Rc6 {[%clk
0:09:50]} 30. Bxa7 {[%clk 0:09:13]} Ra8 {[%clk 0:10:16]} 31. Be3 {[%clk
0:08:06]} Rca6 {[%clk 0:08:34]} 32. Rd2 {[%clk 0:06:40]} Ra1+ {[%clk 0:07:33]}
33. Kc2 {[%clk 0:06:59]} R8a2+ {[%clk 0:06:52]} 34. Kd3 {[%clk 0:07:17]} Rxd2+
{[%clk 0:06:38]} 35. Bxd2 {[%clk 0:07:40]} b6 {[%clk 0:06:38]} 1/2-1/2